000 00686nam a2200241 4500
001 sa 68018079
003 DLC
005 20260227112708.0
008 710510s1968 ii b 00010 eng
010 _asa 68018079
025 _aPL480:I-E-10583
043 _aa-ii---
050 0 _aHN683.5
_b.T47
100 1 0 _aThomas, Paul,
_d1910-
245 1 _aThe march of free India,
_cby P. Thomas.
260 0 _aErnakulam,
_bJoseph Thomasons
_c[1968]
300 _a116 p.
_c19 cm.
350 _a3.75
504 _aBibliographical footnotes.
651 0 _aIndia
_xPolitics and government
_y1947-
651 0 _aIndia
_xEconomic conditions
_y1947-
651 0 _aIndia
_xSocial conditions
_y1947-
999 _c88164
_d88164